MARC details
| 000 -LEADER |
| fixed length control field |
00905nam a22002537a 4500 |
| 003 - CONTROL NUMBER IDENTIFIER |
| control field |
NyNyJPI |
| 005 - DATE AND TIME OF LATEST TRANSACTION |
| control field |
20260414175327.0 |
| 008 - FIXED-LENGTH DATA ELEMENTS--GENERAL INFORMATION |
| fixed length control field |
260409b |||||||| |||| 00| 0 eng d |
| 020 ## - INTERNATIONAL STANDARD BOOK NUMBER |
| International Standard Book Number |
9798275811278 |
| 040 ## - CATALOGING SOURCE |
| Transcribing agency |
IJP |
| 100 ## - MAIN ENTRY--PERSONAL NAME |
| Personal name |
Szczesny, Paul |
| 245 ## - TITLE STATEMENT |
| Title |
Memoir of a Polish Wanderer |
| Remainder of title |
Translated from the Journal of Jozef Jagusiak |
| Statement of responsibility, etc. |
Paul Szczesny. |
| 260 ## - PUBLICATION, DISTRIBUTION, ETC. |
| Place of publication, distribution, etc. |
Columbia, South Carolina |
| Name of publisher, distributor, etc. |
Paul M. Szczesny (self publishing) |
| Date of publication, distribution, etc. |
2025 |
| 300 ## - PHYSICAL DESCRIPTION |
| Extent |
p. VI, [1] , 171, [1] : |
| Other physical details |
23 cm. |
| 600 ## - SUBJECT ADDED ENTRY--PERSONAL NAME |
| Personal name |
Jagusiak, Jozef |
| 610 ## - SUBJECT ADDED ENTRY--CORPORATE NAME |
| Corporate name or jurisdiction name as entry element |
World War II, 1939-1945 |
| General subdivision |
Prisoners, prisons, and concentration camps |
| Geographic subdivision |
Soviet Union |
| 610 ## - SUBJECT ADDED ENTRY--CORPORATE NAME |
| Corporate name or jurisdiction name as entry element |
Polish refugees |
| General subdivision |
History |
| Chronological subdivision |
20th century |
| Geographic subdivision |
Mexico |
| 610 ## - SUBJECT ADDED ENTRY--CORPORATE NAME |
| Corporate name or jurisdiction name as entry element |
Personal narratives |
| General subdivision |
Forced labor |
| 650 ## - SUBJECT ADDED ENTRY--TOPICAL TERM |
| Topical term or geographic name entry element |
Poland |
| General subdivision |
History |
| Chronological subdivision |
Ocupation, 1939-1945 |
| 650 ## - SUBJECT ADDED ENTRY--TOPICAL TERM |
| Topical term or geographic name entry element |
Soviet Union |
| 650 ## - SUBJECT ADDED ENTRY--TOPICAL TERM |
| Topical term or geographic name entry element |
Santa Rosa (Guanajuato, Mexico) |
| 655 ## - INDEX TERM--GENRE/FORM |
| Genre/form data or focus term |
War memoirs |
| 942 ## - ADDED ENTRY ELEMENTS (KOHA) |
| Source of classification or shelving scheme |
Other/Generic Classification Scheme |
| Koha item type |
Books |
| Suppress in OPAC |
No |